000 00974cam a2200217 4500
001 WB3916-01
008 030501n2003 000 0 eng u
035 _a(Sirsi) u122166
245 _aNew Construction Orders: March 2003
260 _c2003
490 _aDTI Press Release
_v(C-0503) 1 May 2003 (2)
520 _aIncludes figures giving orders for the 12 months to March 2003 which rose by 3% compared with orders in the previous 12 months. In the first quarter of 2003, orders rose by 3% compared to the previous quarter. Public non housing orders rose 36% in comparison with the previous 12 months. For the DTI Press Release: http://www.gnn.gov.uk/gnn/national.nsf/TI/05C4C241A592760980256D19003E7576?opendocument
590 _aWB
650 _aCONSTRUCTION ORDERS
650 _aPRIVATE HOUSING
650 _aInfrastructure
_96246
650 _aPRIVATE COMMERCIAL
650 _aPRIVATE INDUSTRIAL
690 _aBUILT ENVIRONMENT-BUILDING COSTS
942 _n0
999 _c72606
_d72606